“... Ma io vi dico”. Spunti di meditazione per religiose secondo gli orientamenti del Vaticano II. 3. rist. (Record n. 34545)

Dettagli MARC
000 -LEADER
fixed length control field 00623nam a2200241Ia 4500
003 - CONTROL NUMBER IDENTIFIER
control field IT-RoPAU
005 - DATE AND TIME OF LATEST TRANSACTION
control field 20220918175858.0
008 - FIXED-LENGTH DATA ELEMENTS--GENERAL INFORMATION
fixed length control field 120407s9999 xx 000 0 und d
040 ## - CATALOGING SOURCE
Original cataloging agency IT-RoPAU
040 ## - CATALOGING SOURCE
Transcribing agency IT-RoPAU
041 ## - LANGUAGE CODE
Language code of text/sound track or separate title ita
100 ## - MAIN ENTRY--PERSONAL NAME
Personal name Alessandro Pronzato
9 (RLIN) 36176
245 ## - TITLE STATEMENT
Title “... Ma io vi dico”. Spunti di meditazione per religiose secondo gli orientamenti del Vaticano II. 3. rist.
250 ## - EDITION STATEMENT
Edition statement Torino
260 ## - PUBLICATION, DISTRIBUTION, ETC. (IMPRINT)
Place of publication, distribution, etc. Gribaudi
260 ## - PUBLICATION, DISTRIBUTION, ETC. (IMPRINT)
Date of publication, distribution, etc. 1967
300 ## - PHYSICAL DESCRIPTION
Extent 432 p.
300 ## - PHYSICAL DESCRIPTION
Dimensions 19 cm
490 ## - SERIES STATEMENT
Volume/sequential designation 1
600 ## - SUBJECT ADDED ENTRY--PERSONAL NAME
Personal name 1. Meditazioni per Suore
9 (RLIN) 36177
942 ## - ADDED ENTRY ELEMENTS (KOHA)
Koha item type LIBRO
Source of classification or shelving scheme Dewey Decimal Classification
Dati di copia
Withdrawn status Lost status Source of classification or shelving scheme Damaged status Not for loan Home library Current library Date acquired Total Checkouts Full call number Date last seen Price effective from Koha item type Public note
    Dewey Decimal Classification Buone Condizioni Not For Loan PAULUS-BIBLIOTECA PAULUS-BIBLIOTECA 11/04/2012   242.54 11/04/2012 11/04/2012 LIBRO Inserito da: Mario In data: 19 settembre 2011 fondo: Via A.Severo 56 Progr:25211
CREDITS: SOCIETA' SAN PAOLO Via A.Severo, 58 - ROMA (RM) & PERIODICI SAN PAOLO SRL Via Giotto, 36 MILANO & CISF Via Giotto, 36 MILANO & EDIZIONI SAN PAOLO SRL,  Piazza Soncino, 5 CINISELLO BALSAMO (MI) -- ITALY